[Event "9. Forchheimer Sparkassen Open 2010"]
[Site "Forchheim"]
[Date "2010.10.02"]
[Round "2.36"]
[White "Wohlfahrt, Dr. Michael"]
[Black "Meulner, Fabian"]
[Result "1-0"]
[WhiteElo "1743"]
[BlackElo "1309"]
[PlyCount "67"]
[EventDate "2010.??.??"]
[WhiteTeam "SAbt TSF Welzheim"]
[BlackTeam "SW Nürnberg Süd e.V."]

1. e4 {[%emt 0:00:00]} d6 {[%emt 0:00:02]} 2. d4 {[%emt 0:00:02]} Nf6 {
[%emt 0:00:02]} 3. Nc3 {[%emt 0:00:02]} Nbd7 {[%emt 0:00:02]} 4. f4 {
[%emt 0:00:11]} e5 {[%emt 0:00:02]} 5. fxe5 {[%emt 0:00:02]} dxe5 {
[%emt 0:00:01]} 6. d5 {[%emt 0:00:01]} Bc5 {[%emt 0:00:02]} 7. Qf3 {
[%emt 0:00:02]} a6 {[%emt 0:00:02]} 8. Be3 {[%emt 0:00:04]} Bxe3 {
[%emt 0:00:14]} 9. Qxe3 {[%emt 0:00:01]} O-O {[%emt 0:00:05]} 10. Be2 {
[%emt 0:00:03]} Qe7 {[%emt 0:00:02]} 11. g4 {[%emt 0:00:03]} Qc5 {
[%emt 0:00:01]} 12. Qd3 {[%emt 0:00:04]} Nb6 {[%emt 0:00:03]} 13. h3 {
[%emt 0:00:03]} Rd8 {[%emt 0:00:03]} 14. g5 {[%emt 0:00:03]} Ne8 {
[%emt 0:00:02]} 15. Nf3 {[%emt 0:00:03]} Qe7 {[%emt 0:00:03]} 16. O-O-O {
[%emt 0:00:07]} c5 {[%emt 0:00:04]} 17. Qe3 {[%emt 0:00:15]} Nd7 {
[%emt 0:00:02]} 18. Rdg1 {[%emt 0:00:30]} b5 {[%emt 0:00:03]} 19. h4 {
[%emt 0:00:02]} b4 {[%emt 0:00:02]} 20. Na4 {[%emt 0:00:02]} a5 {[%emt 0:00:02]
} 21. Bb5 {[%emt 0:00:04]} Ba6 {[%emt 0:00:02]} 22. Bxd7 {[%emt 0:00:03]} Rxd7
{[%emt 0:00:02]} 23. Nb6 {[%emt 0:00:02]} Rdd8 {[%emt 0:00:03]} 24. Nxa8 {
[%emt 0:00:01]} Rxa8 {[%emt 0:00:01]} 25. h5 {[%emt 0:00:03]} c4 {
[%emt 0:00:01]} 26. g6 {[%emt 0:00:02]} b3 {[%emt 0:00:02]} 27. cxb3 {
[%emt 0:00:02]} cxb3 {[%emt 0:00:02]} 28. a3 {[%emt 0:00:01]} Rc8+ {
[%emt 0:00:01]} 29. Kb1 {[%emt 0:00:02]} a4 {[%emt 0:00:01]} 30. gxf7+ {
[%emt 0:00:02]} Qxf7 {[%emt 0:00:02]} 31. Nxe5 {[%emt 0:00:02]} Qc7 {
[%emt 0:00:01]} 32. Nc6 {[%emt 0:00:02]} Nd6 {[%emt 0:00:02]} 33. Qd4 {
[%emt 0:00:02]} Nc4 {[%emt 0:00:02]} 34. Rxg7+ {[%emt 0:00:03]} 1-0

[Event "9. Forchheimer Sparkassen Open 2010"]
[Site "Forchheim"]
[Date "2010.10.02"]
[Round "2.37"]
[White "Hennig, Elmar"]
[Black "Wegmann, Simon"]
[Result "0-1"]
[WhiteElo "1644"]
[BlackElo "1277"]
[PlyCount "82"]
[EventDate "2010.??.??"]
[WhiteTeam "TV Faulbach e.V. 1920"]
[BlackTeam "SC Erlangen 48/88"]

1. d4 {[%emt 0:00:00]} d5 {[%emt 0:00:01]} 2. c4 {[%emt 0:00:05]} e6 {
[%emt 0:00:01]} 3. Nc3 {[%emt 0:00:02]} c5 {[%emt 0:00:02]} 4. cxd5 {
[%emt 0:00:04]} Nf6 {[%emt 0:00:08]} 5. Nf3 {[%emt 0:00:03]} exd5 {
[%emt 0:00:02]} 6. g3 {[%emt 0:00:02]} Nc6 {[%emt 0:00:01]} 7. Bg2 {
[%emt 0:00:02]} Bd6 {[%emt 0:00:03]} 8. O-O {[%emt 0:00:02]} O-O {
[%emt 0:00:01]} 9. Bg5 {[%emt 0:00:02]} Be6 {[%emt 0:00:01]} 10. e3 {
[%emt 0:00:02]} h6 {[%emt 0:00:01]} 11. dxc5 {[%emt 0:00:03]} Bxc5 {
[%emt 0:00:01]} 12. Bxf6 {[%emt 0:00:02]} Qxf6 {[%emt 0:00:02]} 13. Nxd5 {
[%emt 0:00:02]} Bxd5 {[%emt 0:00:02]} 14. Qxd5 {[%emt 0:00:01]} Bb6 {
[%emt 0:00:02]} 15. b3 {[%emt 0:00:02]} Rfd8 {[%emt 0:00:05]} 16. Qe4 {
[%emt 0:00:03]} g5 {[%emt 0:00:02]} 17. Rfd1 {[%emt 0:00:04]} Kg7 {
[%emt 0:00:02]} 18. h4 {[%emt 0:00:03]} Rd6 {[%emt 0:00:02]} 19. hxg5 {
[%emt 0:00:03]} hxg5 {[%emt 0:00:02]} 20. Rxd6 {[%emt 0:00:02]} Qxd6 {
[%emt 0:00:01]} 21. Nxg5 {[%emt 0:00:02]} Qf6 {[%emt 0:00:02]} 22. Qh7+ {
[%emt 0:00:02]} Kf8 {[%emt 0:00:01]} 23. Qxf7+ {[%emt 0:00:03]} Qxf7 {
[%emt 0:00:03]} 24. Nxf7 {[%emt 0:00:01]} Kxf7 {[%emt 0:00:01]} 25. Bxc6 {
[%emt 0:00:03]} bxc6 {[%emt 0:00:01]} 26. Rc1 {[%emt 0:00:02]} c5 {
[%emt 0:00:01]} 27. Kf1 {[%emt 0:00:02]} Rd8 {[%emt 0:00:02]} 28. Ke2 {
[%emt 0:00:03]} Ke6 {[%emt 0:00:00]} 29. Rc3 {[%emt 0:00:04]} Kf7 {
[%emt 0:00:04]} 30. Rc1 {[%emt 0:00:02]} Ke6 {[%emt 0:00:00]} 31. Rc3 {
[%emt 0:00:05]} Rd5 {[%emt 0:00:03]} 32. Rd3 {[%emt 0:00:02]} Rh5 {
[%emt 0:00:01]} 33. e4 {[%emt 0:00:02]} Rh2 {[%emt 0:00:01]} 34. Rf3 {
[%emt 0:00:01]} Rh1 {[%emt 0:00:03]} 35. g4 {[%emt 0:00:01]} Rg1 {
[%emt 0:00:01]} 36. Rg3 {[%emt 0:00:03]} Ra1 {[%emt 0:00:00]} 37. a4 {
[%emt 0:00:08]} Rb1 {[%emt 0:00:01]} 38. Rd3 {[%emt 0:00:04]} Rb2+ {
[%emt 0:00:02]} 39. Kf3 {[%emt 0:00:03]} c4 {[%emt 0:00:01]} 40. bxc4 {
[%emt 0:00:02]} Rxf2+ {[%emt 0:00:01]} 41. Kg3 {[%emt 0:00:03]} Rc2 {
[%emt 0:00:01]} 0-1

[Event "9. Forchheimer Sparkassen Open 2010"]
[Site "Forchheim"]
[Date "2010.10.02"]
[Round "2.38"]
[White "Wegmann, Sven"]
[Black "Schneider, Peter"]
[Result "1-0"]
[WhiteElo "1659"]
[BlackElo "1629"]
[PlyCount "91"]
[EventDate "2010.??.??"]
[WhiteTeam "SC Erlangen 48/88"]
[BlackTeam "TSV Kirchehrenbach"]

1. e4 {[%emt 0:00:00]} c6 {[%emt 0:00:01]} 2. d4 {[%emt 0:00:01]} d5 {
[%emt 0:00:02]} 3. Nc3 {[%emt 0:00:02]} dxe4 {[%emt 0:00:01]} 4. Nxe4 {
[%emt 0:00:01]} Bf5 {[%emt 0:00:02]} 5. Nc3 {[%emt 0:00:10]} Nf6 {
[%emt 0:00:02]} 6. Nf3 {[%emt 0:00:02]} Nbd7 {[%emt 0:00:02]} 7. Bc4 {
[%emt 0:00:01]} e6 {[%emt 0:00:01]} 8. a4 {[%emt 0:00:02]} Bb4 {[%emt 0:00:01]}
9. Bd2 {[%emt 0:00:04]} a5 {[%emt 0:00:02]} 10. O-O {[%emt 0:00:02]} O-O {
[%emt 0:00:01]} 11. Bb3 {[%emt 0:00:08]} Qc7 {[%emt 0:00:05]} 12. Re1 {
[%emt 0:00:03]} Rfe8 {[%emt 0:00:02]} 13. Ne5 {[%emt 0:00:03]} Bxc3 {
[%emt 0:00:02]} 14. Bxc3 {[%emt 0:00:03]} Rad8 {[%emt 0:00:02]} 15. Qd2 {
[%emt 0:00:03]} b6 {[%emt 0:00:02]} 16. Rad1 {[%emt 0:00:03]} Ne4 {
[%emt 0:00:02]} 17. Qe3 {[%emt 0:00:02]} Nxe5 {[%emt 0:00:04]} 18. dxe5 {
[%emt 0:00:02]} Nxc3 {[%emt 0:00:02]} 19. Qxc3 {[%emt 0:00:02]} c5 {
[%emt 0:00:01]} 20. Bc4 {[%emt 0:00:02]} Rxd1 {[%emt 0:00:02]} 21. Rxd1 {
[%emt 0:00:01]} Rd8 {[%emt 0:00:05]} 22. Re1 {[%emt 0:00:03]} Rd4 {
[%emt 0:00:02]} 23. Bb5 {[%emt 0:00:03]} Qd8 {[%emt 0:00:02]} 24. h3 {
[%emt 0:00:03]} h5 {[%emt 0:00:02]} 25. Qf3 {[%emt 0:00:03]} g6 {[%emt 0:00:02]
} 26. c3 {[%emt 0:00:02]} Rd2 {[%emt 0:00:03]} 27. b3 {[%emt 0:00:02]} Kg7 {
[%emt 0:00:03]} 28. Kh2 {[%emt 0:00:02]} Qd5 {[%emt 0:00:06]} 29. Qe3 {
[%emt 0:00:03]} Rd1 {[%emt 0:00:19]} 30. Re2 {[%emt 0:00:02]} Qxb3 {
[%emt 0:00:02]} 31. Qg5 {[%emt 0:00:02]} Qd5 {[%emt 0:00:04]} 32. Qf6+ {
[%emt 0:00:01]} Kg8 {[%emt 0:00:02]} 33. Be8 {[%emt 0:00:08]} Qb7 {
[%emt 0:00:04]} 34. Kg3 {[%emt 0:00:03]} Qc7 {[%emt 0:00:05]} 35. Kh4 {
[%emt 0:00:02]} Rd8 {[%emt 0:00:04]} 36. Bb5 {[%emt 0:00:04]} Rd1 {
[%emt 0:00:06]} 37. Kg5 {[%emt 0:00:03]} Qd8 {[%emt 0:00:02]} 38. Qxd8+ {
[%emt 0:00:03]} Rxd8 {[%emt 0:00:01]} 39. g4 {[%emt 0:00:05]} hxg4 {
[%emt 0:00:02]} 40. hxg4 {[%emt 0:00:01]} Bb1 {[%emt 0:00:03]} 41. f3 {
[%emt 0:00:02]} Rd1 {[%emt 0:00:02]} 42. Rb2 {[%emt 0:00:02]} Bd3 {
[%emt 0:00:02]} 43. Bc6 {[%emt 0:00:03]} Rb1 {[%emt 0:00:03]} 44. Rd2 {
[%emt 0:00:02]} c4 {[%emt 0:00:01]} 45. Kf6 {[%emt 0:00:03]} Rb3 {
[%emt 0:00:02]} 46. Be8 {[%emt 0:00:02]} 1-0

[Event "9. Forchheimer Sparkassen Open 2010"]
[Site "Forchheim"]
[Date "2010.10.02"]
[Round "2.39"]
[White "Dreiseitel, Werner"]
[Black "Körber, Christian"]
[Result "0-1"]
[WhiteElo "1487"]
[BlackElo "1690"]
[PlyCount "90"]
[EventDate "2010.??.??"]
[WhiteTeam "SC Noris-Tarrasch Nürnberg 1873"]
[BlackTeam "SF Fürth 1951 e.V."]

1. d4 {[%emt 0:00:00]} Nf6 {[%emt 0:00:02]} 2. c4 {[%emt 0:00:02]} e6 {
[%emt 0:00:01]} 3. Nc3 {[%emt 0:00:02]} Bb4 {[%emt 0:00:01]} 4. Qc2 {
[%emt 0:00:02]} O-O {[%emt 0:00:02]} 5. a3 {[%emt 0:00:02]} Bxc3+ {
[%emt 0:00:02]} 6. Qxc3 {[%emt 0:00:01]} h6 {[%emt 0:00:02]} 7. Nf3 {
[%emt 0:00:03]} b6 {[%emt 0:00:01]} 8. e3 {[%emt 0:00:02]} Bb7 {[%emt 0:00:02]}
9. Be2 {[%emt 0:00:03]} d6 {[%emt 0:00:02]} 10. b4 {[%emt 0:00:03]} c5 {
[%emt 0:00:02]} 11. dxc5 {[%emt 0:00:04]} dxc5 {[%emt 0:00:01]} 12. bxc5 {
[%emt 0:00:08]} Ne4 {[%emt 0:00:01]} 13. Qc2 {[%emt 0:00:03]} Nxc5 {
[%emt 0:01:28]} 14. O-O {[%emt 0:00:02]} Qe7 {[%emt 0:00:02]} 15. Bb2 {
[%emt 0:00:02]} Nbd7 {[%emt 0:00:02]} 16. Rad1 {[%emt 0:00:22]} Bc6 {
[%emt 0:00:02]} 17. Rd2 {[%emt 0:00:04]} Ne4 {[%emt 0:00:02]} 18. Rd4 {
[%emt 0:00:03]} Ndc5 {[%emt 0:00:05]} 19. Ne5 {[%emt 0:00:05]} Ba4 {
[%emt 0:00:03]} 20. Qb1 {[%emt 0:00:07]} Rad8 {[%emt 0:00:03]} 21. Bf3 {
[%emt 0:00:03]} Rxd4 {[%emt 0:00:03]} 22. Bxd4 {[%emt 0:00:02]} Nd2 {
[%emt 0:00:03]} 23. Qb4 {[%emt 0:00:04]} Nxf1 {[%emt 0:00:02]} 24. Bxc5 {
[%emt 0:00:02]} Qxc5 {[%emt 0:00:05]} 25. Qxc5 {[%emt 0:00:05]} bxc5 {
[%emt 0:00:01]} 26. Kxf1 {[%emt 0:00:00]} Rd8 {[%emt 0:00:10]} 27. Be2 {
[%emt 0:00:02]} f6 {[%emt 0:00:02]} 28. Nd3 {[%emt 0:00:03]} Rc8 {
[%emt 0:00:02]} 29. Bf3 {[%emt 0:00:02]} Bc2 {[%emt 0:00:02]} 30. Nf4 {
[%emt 0:00:03]} e5 {[%emt 0:00:02]} 31. Nd5 {[%emt 0:00:07]} Rb8 {
[%emt 0:00:08]} 32. Nc7 {[%emt 0:00:02]} Bd3+ {[%emt 0:00:04]} 33. Ke1 {
[%emt 0:00:02]} Bxc4 {[%emt 0:00:08]} 34. Bd5+ {[%emt 0:00:02]} Bxd5 {
[%emt 0:00:01]} 35. Nxd5 {[%emt 0:00:01]} Rb3 {[%emt 0:00:03]} 36. a4 {
[%emt 0:00:01]} Ra3 {[%emt 0:00:02]} 37. Kd2 {[%emt 0:00:02]} Rxa4 {
[%emt 0:00:01]} 38. Nc3 {[%emt 0:00:04]} Rb4 {[%emt 0:00:01]} 39. Kc2 {
[%emt 0:00:02]} a5 {[%emt 0:00:01]} 40. Na2 {[%emt 0:00:02]} a4 {[%emt 0:00:02]
} 41. Kc3 {[%emt 0:00:01]} Rb3+ {[%emt 0:00:02]} 42. Kc2 {[%emt 0:00:02]} c4 {
[%emt 0:00:01]} 43. Nc1 {[%emt 0:00:02]} Kf7 {[%emt 0:00:02]} 44. h4 {
[%emt 0:00:03]} e4 {[%emt 0:00:02]} 45. Ne2 {[%emt 0:00:04]} a3 {[%emt 0:00:03]
} 0-1

[Event "9. Forchheimer Sparkassen Open 2010"]
[Site "Forchheim"]
[Date "2010.10.02"]
[Round "2.40"]
[White "Heinlein, Hans-Albert"]
[Black "Strobl, Thomas"]
[Result "1/2-1/2"]
[WhiteElo "1378"]
[BlackElo "1790"]
[PlyCount "130"]
[EventDate "2010.??.??"]
[WhiteTeam "SF Fürth 1951 e.V."]
[BlackTeam "TSV 1860 Weißenburg e.V."]

1. d4 {[%emt 0:00:00]} d5 {[%emt 0:00:01]} 2. c4 {[%emt 0:00:02]} e6 {
[%emt 0:00:01]} 3. e3 {[%emt 0:00:02]} Nf6 {[%emt 0:00:01]} 4. Nc3 {
[%emt 0:00:37]} c5 {[%emt 0:00:01]} 5. Nf3 {[%emt 0:00:04]} Nc6 {[%emt 0:00:03]
} 6. a3 {[%emt 0:00:02]} cxd4 {[%emt 0:00:03]} 7. Nxd4 {[%emt 0:00:02]} Be7 {
[%emt 0:00:02]} 8. Bd2 {[%emt 0:00:05]} Nxd4 {[%emt 0:00:02]} 9. exd4 {
[%emt 0:00:01]} dxc4 {[%emt 0:00:02]} 10. Qa4+ {[%emt 0:00:02]} Bd7 {
[%emt 0:00:01]} 11. Qxc4 {[%emt 0:00:02]} O-O {[%emt 0:00:07]} 12. Be2 {
[%emt 0:00:03]} Rc8 {[%emt 0:00:03]} 13. Qd3 {[%emt 0:00:03]} Bc6 {
[%emt 0:00:03]} 14. O-O {[%emt 0:00:02]} Qb6 {[%emt 0:00:03]} 15. b4 {
[%emt 0:00:02]} Rfd8 {[%emt 0:00:04]} 16. Be3 {[%emt 0:00:02]} Nd5 {
[%emt 0:00:03]} 17. Nxd5 {[%emt 0:00:02]} Bxd5 {[%emt 0:00:01]} 18. Rac1 {
[%emt 0:00:03]} Bf6 {[%emt 0:00:03]} 19. Rxc8 {[%emt 0:00:13]} Rxc8 {
[%emt 0:00:02]} 20. Re1 {[%emt 0:00:03]} a5 {[%emt 0:00:01]} 21. Qb5 {
[%emt 0:00:07]} Qxb5 {[%emt 0:00:01]} 22. Bxb5 {[%emt 0:00:01]} axb4 {
[%emt 0:00:06]} 23. axb4 {[%emt 0:00:02]} Rc3 {[%emt 0:00:02]} 24. Ra1 {
[%emt 0:00:02]} h6 {[%emt 0:00:00]} 25. Bf1 {[%emt 0:00:04]} Bc4 {
[%emt 0:00:03]} 26. b5 {[%emt 0:00:02]} Bxf1 {[%emt 0:00:02]} 27. Kxf1 {
[%emt 0:00:01]} Rb3 {[%emt 0:00:03]} 28. Ra8+ {[%emt 0:00:02]} Kh7 {
[%emt 0:00:02]} 29. Rc8 {[%emt 0:00:08]} Rxb5 {[%emt 0:00:02]} 30. Rc7 {
[%emt 0:00:02]} Kg6 {[%emt 0:00:03]} 31. Rd7 {[%emt 0:00:02]} b6 {
[%emt 0:00:02]} 32. g3 {[%emt 0:00:02]} Rd5 {[%emt 0:00:02]} 33. Rxd5 {
[%emt 0:00:02]} exd5 {[%emt 0:00:01]} 34. Ke2 {[%emt 0:00:03]} Kf5 {
[%emt 0:00:02]} 35. h3 {[%emt 0:00:02]} Bg5 {[%emt 0:00:02]} 36. g4+ {
[%emt 0:00:02]} Ke6 {[%emt 0:00:02]} 37. f4 {[%emt 0:00:02]} Be7 {
[%emt 0:00:03]} 38. Kd3 {[%emt 0:00:03]} f5 {[%emt 0:00:02]} 39. Kc3 {
[%emt 0:00:02]} g5 {[%emt 0:00:02]} 40. fxg5 {[%emt 0:00:02]} Bxg5 {
[%emt 0:00:03]} 41. Bf2 {[%emt 0:00:38]} fxg4 {[%emt 0:00:03]} 42. hxg4 {
[%emt 0:00:01]} Kd6 {[%emt 0:00:07]} 43. Kb4 {[%emt 0:00:02]} Kc6 {
[%emt 0:00:02]} 44. Be1 {[%emt 0:00:02]} Be7+ {[%emt 0:00:03]} 45. Ka4 {
[%emt 0:00:02]} b5+ {[%emt 0:00:02]} 46. Kb3 {[%emt 0:00:04]} Kd7 {
[%emt 0:00:02]} 47. Bd2 {[%emt 0:00:02]} Bf8 {[%emt 0:00:03]} 48. Bf4 {
[%emt 0:00:03]} Ke6 {[%emt 0:00:02]} 49. Be5 {[%emt 0:00:02]} Kf7 {
[%emt 0:00:01]} 50. Kc3 {[%emt 0:00:01]} Kg6 {[%emt 0:00:02]} 51. Bf4 {
[%emt 0:00:02]} Be7 {[%emt 0:00:02]} 52. Bd2 {[%emt 0:00:02]} Bg5 {
[%emt 0:00:03]} 53. Be1 {[%emt 0:45:27]} Be3 {[%emt 0:00:02]} 54. Bh4 {
[%emt 0:00:03]} b4+ {[%emt 0:00:04]} 55. Kd3 {[%emt 0:00:03]} b3 {
[%emt 0:00:02]} 56. Kc3 {[%emt 0:00:02]} b2 {[%emt 0:00:09]} 57. Kxb2 {
[%emt 0:00:02]} Bxd4+ {[%emt 0:00:01]} 58. Kc2 {[%emt 0:00:05]} Bf6 {
[%emt 0:00:03]} 59. Be1 {[%emt 0:00:03]} Bg7 {[%emt 0:00:04]} 60. Bd2 {
[%emt 0:00:03]} Bf6 {[%emt 0:00:04]} 61. Kd3 {[%emt 0:00:13]} Bg5 {
[%emt 0:00:01]} 62. Bc3 {[%emt 0:00:02]} Kf7 {[%emt 0:00:02]} 63. Bb4 {
[%emt 0:00:02]} Ke6 {[%emt 0:00:02]} 64. Bc3 {[%emt 0:00:04]} Bf6 {
[%emt 0:00:03]} 65. Bd2 {[%emt 0:00:02]} Bg7 {[%emt 0:00:02]} 1/2-1/2

[Event "9. Forchheimer Sparkassen Open 2010"]
[Site "Forchheim"]
[Date "2010.10.02"]
[Round "2.41"]
[White "Dresel, Martin"]
[Black "Thurnbauer, Alois"]
[Result "0-1"]
[WhiteElo "1250"]
[BlackElo "1602"]
[PlyCount "86"]
[EventDate "2010.??.??"]
[WhiteTeam "SC Erlangen 48/88"]
[BlackTeam "SC Ortenburg 1894 e.V."]

1. d4 {[%emt 0:00:00]} Nf6 {[%emt 0:00:01]} 2. Nf3 {[%emt 0:00:03]} d5 {
[%emt 0:00:02]} 3. c4 {[%emt 0:00:02]} e6 {[%emt 0:00:02]} 4. Nc3 {
[%emt 0:00:04]} c5 {[%emt 0:00:02]} 5. cxd5 {[%emt 0:00:02]} Nxd5 {
[%emt 0:00:02]} 6. e3 {[%emt 0:00:02]} Nc6 {[%emt 0:00:04]} 7. Bd2 {
[%emt 0:00:02]} Be7 {[%emt 0:00:02]} 8. Qc2 {[%emt 0:00:02]} O-O {
[%emt 0:00:02]} 9. Rc1 {[%emt 0:00:02]} cxd4 {[%emt 0:00:02]} 10. exd4 {
[%emt 0:00:02]} Bf6 {[%emt 0:00:02]} 11. Bd3 {[%emt 0:00:02]} g6 {
[%emt 0:00:16]} 12. Qa4 {[%emt 0:00:02]} Nb6 {[%emt 0:00:02]} 13. Qc2 {
[%emt 0:00:04]} Nxd4 {[%emt 0:00:02]} 14. Nxd4 {[%emt 0:00:02]} Bxd4 {
[%emt 0:00:01]} 15. O-O {[%emt 0:00:02]} Bd7 {[%emt 0:00:03]} 16. Be4 {
[%emt 0:00:02]} Rb8 {[%emt 0:00:02]} 17. Rcd1 {[%emt 0:00:03]} Bg7 {
[%emt 0:00:03]} 18. Rfe1 {[%emt 0:00:05]} Qc7 {[%emt 0:00:02]} 19. g3 {
[%emt 0:00:03]} Rbc8 {[%emt 0:00:05]} 20. Bf4 {[%emt 0:00:04]} e5 {
[%emt 0:00:02]} 21. Bd2 {[%emt 0:00:03]} Bg4 {[%emt 0:00:02]} 22. Rc1 {
[%emt 0:00:03]} Be6 {[%emt 0:00:02]} 23. Be3 {[%emt 0:00:02]} f5 {
[%emt 0:00:01]} 24. Bg2 {[%emt 0:00:02]} e4 {[%emt 0:00:01]} 25. f3 {
[%emt 0:00:03]} exf3 {[%emt 0:00:02]} 26. Bxf3 {[%emt 0:00:01]} Rfe8 {
[%emt 0:00:03]} 27. Bf4 {[%emt 0:00:03]} Qf7 {[%emt 0:00:02]} 28. Qf2 {
[%emt 0:00:04]} Bc4 {[%emt 0:00:03]} 29. a3 {[%emt 0:00:02]} Rxe1+ {
[%emt 0:00:12]} 30. Qxe1 {[%emt 0:00:00]} h6 {[%emt 0:00:03]} 31. Qf2 {
[%emt 0:00:04]} Kh7 {[%emt 0:00:05]} 32. Be3 {[%emt 0:00:05]} Bd5 {
[%emt 0:00:11]} 33. Bxb6 {[%emt 0:00:06]} Bxf3 {[%emt 0:00:03]} 34. Bxa7 {
[%emt 0:00:04]} Bc6 {[%emt 0:00:03]} 35. Bd4 {[%emt 0:00:03]} Bf8 {
[%emt 0:00:02]} 36. Ne2 {[%emt 0:00:02]} Qd5 {[%emt 0:00:02]} 37. Kf1 {
[%emt 0:00:04]} Re8 {[%emt 0:00:02]} 38. Re1 {[%emt 0:00:41]} Qh1+ {
[%emt 0:00:01]} 39. Qg1 {[%emt 0:00:01]} Qe4 {[%emt 0:00:04]} 40. Qf2 {
[%emt 0:00:03]} Bb5 {[%emt 0:00:06]} 41. Bc5 {[%emt 0:00:05]} Qh1+ {
[%emt 0:00:02]} 42. Qg1 {[%emt 0:00:06]} Qxg1+ {[%emt 0:00:02]} 43. Kxg1 {
[%emt 0:00:02]} Rxe2 {[%emt 0:00:03]} 0-1

[Event "9. Forchheimer Sparkassen Open 2010"]
[Site "Forchheim"]
[Date "2010.10.02"]
[Round "2.42"]
[White "Schätzko, Wolfgang"]
[Black "Haimerl, Willibald"]
[Result "0-1"]
[WhiteElo "1053"]
[BlackElo "1597"]
[PlyCount "70"]
[EventDate "2010.??.??"]
[WhiteTeam "SC Höchstadt/Aisch"]
[BlackTeam "SV Deggendorf"]

1. d4 {[%emt 0:00:00]} d5 {[%emt 0:00:01]} 2. c4 {[%emt 0:00:02]} c6 {
[%emt 0:00:01]} 3. Bf4 {[%emt 0:00:03]} Nf6 {[%emt 0:00:02]} 4. e3 {
[%emt 0:00:02]} e6 {[%emt 0:00:01]} 5. Bd3 {[%emt 0:00:05]} Nbd7 {
[%emt 0:00:02]} 6. Nf3 {[%emt 0:00:03]} Be7 {[%emt 0:00:04]} 7. O-O {
[%emt 0:00:02]} O-O {[%emt 0:00:01]} 8. Nbd2 {[%emt 0:00:03]} Re8 {
[%emt 0:00:00]} 9. Ne5 {[%emt 0:00:10]} Nxe5 {[%emt 0:00:02]} 10. Bxe5 {
[%emt 0:00:03]} Bd6 {[%emt 0:00:02]} 11. f4 {[%emt 0:00:01]} Bxe5 {
[%emt 0:00:02]} 12. dxe5 {[%emt 0:00:01]} Nd7 {[%emt 0:00:01]} 13. Qh5 {
[%emt 0:00:03]} Nf8 {[%emt 0:00:03]} 14. Nf3 {[%emt 0:00:03]} f6 {
[%emt 0:00:02]} 15. Rad1 {[%emt 0:00:03]} Qe7 {[%emt 0:00:02]} 16. Nd4 {
[%emt 0:00:03]} f5 {[%emt 0:00:02]} 17. cxd5 {[%emt 0:00:02]} cxd5 {
[%emt 0:00:02]} 18. Rf3 {[%emt 0:00:00]} g6 {[%emt 0:00:04]} 19. Qh6 {
[%emt 0:00:02]} Bd7 {[%emt 0:00:11]} 20. Rg3 {[%emt 0:00:03]} Kh8 {
[%emt 0:00:02]} 21. Nf3 {[%emt 0:00:02]} Qg7 {[%emt 0:00:01]} 22. Qh4 {
[%emt 0:00:05]} Rac8 {[%emt 0:00:02]} 23. Be2 {[%emt 0:00:02]} Rc2 {
[%emt 0:00:03]} 24. Nd4 {[%emt 0:00:02]} Rc7 {[%emt 0:00:04]} 25. Bh5 {
[%emt 0:00:04]} Qe7 {[%emt 0:00:04]} 26. Qg5 {[%emt 0:00:02]} Qxg5 {
[%emt 0:00:02]} 27. Rxg5 {[%emt 0:00:03]} gxh5 {[%emt 0:00:01]} 28. Rxh5 {
[%emt 0:00:01]} Rec8 {[%emt 0:00:10]} 29. Rf1 {[%emt 0:00:02]} Rc1 {
[%emt 0:00:02]} 30. Nf3 {[%emt 0:00:03]} Rxf1+ {[%emt 0:00:03]} 31. Kxf1 {
[%emt 0:00:02]} Rc1+ {[%emt 0:00:02]} 32. Kf2 {[%emt 0:00:02]} Rc2+ {
[%emt 0:00:01]} 33. Kg3 {[%emt 0:00:02]} Rxb2 {[%emt 0:00:02]} 34. Ng5 {
[%emt 0:00:01]} Kg7 {[%emt 0:00:02]} 35. h4 {[%emt 0:00:02]} Kg6 {
[%emt 0:00:01]} 0-1

[Event "9. Forchheimer Sparkassen Open 2010"]
[Site "Forchheim"]
[Date "2010.10.02"]
[Round "2.43"]
[White "Koch, Christian"]
[Black "Meier, Martin"]
[Result "1-0"]
[WhiteElo "1500"]
[BlackElo "1068"]
[PlyCount "55"]
[EventDate "2010.??.??"]
[WhiteTeam "SC Höchstadt/Aisch"]
[BlackTeam "FC Ergolding 1932 e.V."]

1. e4 {[%emt 0:00:00]} e5 {[%emt 0:00:02]} 2. Nf3 {[%emt 0:00:02]} Nc6 {
[%emt 0:00:02]} 3. d4 {[%emt 0:00:01]} exd4 {[%emt 0:00:02]} 4. Bc4 {
[%emt 0:00:03]} d6 {[%emt 0:00:01]} 5. c3 {[%emt 0:00:03]} Bg4 {[%emt 0:00:01]}
6. cxd4 {[%emt 0:00:04]} Qf6 {[%emt 0:00:01]} 7. Be3 {[%emt 0:00:02]} Na5 {
[%emt 0:00:02]} 8. Qa4+ {[%emt 0:00:02]} Nc6 {[%emt 0:00:02]} 9. Nbd2 {
[%emt 0:01:52]} a6 {[%emt 0:00:02]} 10. O-O {[%emt 0:00:05]} Bd7 {
[%emt 0:00:03]} 11. Qc2 {[%emt 0:00:03]} Qg6 {[%emt 0:00:02]} 12. Rfe1 {
[%emt 0:00:03]} Be7 {[%emt 0:00:02]} 13. Nf1 {[%emt 0:00:03]} Nf6 {
[%emt 0:00:02]} 14. Ng3 {[%emt 0:00:03]} O-O {[%emt 0:00:02]} 15. h3 {
[%emt 0:00:05]} b5 {[%emt 0:00:00]} 16. Nh4 {[%emt 0:00:04]} Nb4 {
[%emt 0:00:02]} 17. Qc1 {[%emt 0:00:02]} bxc4 {[%emt 0:00:03]} 18. Nxg6 {
[%emt 0:00:02]} fxg6 {[%emt 0:00:03]} 19. Qxc4+ {[%emt 0:00:01]} d5 {
[%emt 0:00:03]} 20. exd5 {[%emt 0:00:03]} Nfxd5 {[%emt 0:00:02]} 21. a3 {
[%emt 0:00:03]} Bb5 {[%emt 0:00:02]} 22. Qb3 {[%emt 0:00:02]} Nc6 {
[%emt 0:00:01]} 23. Qxd5+ {[%emt 0:00:01]} Rf7 {[%emt 0:00:01]} 24. a4 {
[%emt 0:00:02]} Rd8 {[%emt 0:00:02]} 25. Qe4 {[%emt 0:00:04]} Bd6 {
[%emt 0:00:02]} 26. axb5 {[%emt 0:00:02]} axb5 {[%emt 0:00:03]} 27. Qxc6 {
[%emt 0:00:01]} Bxg3 {[%emt 0:00:02]} 28. fxg3 {[%emt 0:00:01]} 1-0